Statistics for Countries That Produce The Most Coffee

Click here to take the quiz!

General Stats

  • This quiz has been taken 22 times
  • The average score is 4 of 10

Answer Stats

Amount of Coffee (In Metric Tons)Country% Correct
2,595,000 mTBrazil
95%
810,000 Metric mTColombia
71%
384,000 mTEthiopia
48%
348,000 mTIndia
48%
1,650,000 mTVietnam
48%
660,000 Metric mTIndonesia
43%
234,000 mTMexico
33%
348,000 mTHonduras
24%
204,000 mTGuatemala
19%
288,000 mTUganda
14%

Score Distribution

Percentile by Number Answered

Percent of People with Each Score

Your Score History

You have not taken this quiz